000 00231 a2200097 4500
001 45119
100 _aNewmark
245 _aIllustrated technical dictionary
260 _aNew York
_bPhilosophical library
_c
090 _c28329
_d28329
942 _aNUST-CAE
_cM
_c20368
999 _c280192
_d280192